000 00975nam a22002537a 4500
005 20090505110443.0
008 090505t xxu||||| |||| 00| 0 eng d
010 _aENG-93442
020 _a8188683051
_c680.00
020 _a9788188683055
_c680.00
035 _aEN-76975
037 _bDBAD / PUB
040 _adpl
_bEnglish
082 _a361.763
100 _aRavishankar Kumar Singh
245 _aRole of NGO's in socio-economic development /
_cby Ravishankar Kumar Singh
260 _aDelhi
_bAbhijeet Publications
_c2003
270 _a2/46 Tukhmeerpur Extension
_bDelhi
_e110094
300 _avi, 264p.
_c22cm (Hb)
500 _aIncludes bibliographical references and index
650 _aNon-governmental organizations
_zIndia
942 _2ddc
_cEN
_mRAV
_h361.763
999 _c26099
_d26099